| 000 | 00666nam a2200229 a 4500 | ||
|---|---|---|---|
| 008 | |||
| 020 | _a044307514X (pbk.) | ||
| 049 | _aMAIN | ||
| 090 |
_aQM601 _bLAR |
||
| 100 | 1 | _aLarsen, William J. | |
| 245 | 1 | 0 |
_aEssentials of human embryology / _cWilliam J. Larsen. |
| 260 |
_aNew York : _bChurchill Livingstone, _c1998. |
||
| 300 |
_axii, 394 p . : _bill. ; _c28cm. |
||
| 500 | _aIncludes index. | ||
| 504 | _aIncludes bibliographical references. | ||
| 650 | 1 | _aEmbryology,Human. | |
| 907 |
_a.b10263093 _b09-09-09 _c02-06-09 |
||
| 003 | |||
| 005 | 20230123124937.0 | ||
| 040 | _cNUST | ||
| 942 |
_cBOOKS _kQM601 _mLAR |
||
| 999 |
_c132990 _d132990 |
||